Hospital and clinical pharmacy / (Record no. 179834)

MARC details
000 -LEADER
fixed length control field 00944nam a2200265 a 4500
001 - CONTROL NUMBER
control field vtls003249132
003 - CONTROL NUMBER IDENTIFIER
control field MY-SjTCS
005 - DATE AND TIME OF LATEST TRANSACTION
control field 20200226121252.0
008 - FIXED-LENGTH DATA ELEMENTS--GENERAL INFORMATION
fixed length control field 121214r20121999ii a 001 0 eng d
020 ## - INTERNATIONAL STANDARD BOOK NUMBER
International Standard Book Number 9788123905662 (pbk.)
020 ## - INTERNATIONAL STANDARD BOOK NUMBER
International Standard Book Number 8123905661 (pbk.)
039 #9 - LEVEL OF BIBLIOGRAPHIC CONTROL AND CODING DETAIL [OBSOLETE]
Level of rules in bibliographic description 201303091053
Level of effort used to assign nonsubject heading access points wilmina
-- 201212141028
-- malathy
082 04 - DEWEY DECIMAL CLASSIFICATION NUMBER
Classification number 615.190076
Item number SID 2012
100 1# - MAIN ENTRY--PERSONAL NAME
Personal name Siddiqui, Anees A.
9 (RLIN) 100826
245 10 - TITLE STATEMENT
Title Hospital and clinical pharmacy /
Statement of responsibility, etc. Anees A. Siddiqui and Mohammed Ali.
260 ## - PUBLICATION, DISTRIBUTION, ETC.
Place of publication, distribution, etc. New Delhi :
Name of publisher, distributor, etc. CBS Pub. & Distributors,
Date of publication, distribution, etc. 2012.
300 ## - PHYSICAL DESCRIPTION
Extent vi, 188 p. :
Other physical details ill. ;
Dimensions 21 cm.
500 ## - GENERAL NOTE
General note Includes index.
650 #0 - SUBJECT ADDED ENTRY--TOPICAL TERM
Topical term or geographic name entry element Pharmacy technicians
Form subdivision Handbooks, manuals, etc.
650 #0 - SUBJECT ADDED ENTRY--TOPICAL TERM
Topical term or geographic name entry element Pharmacy
Form subdivision Handbooks, manuals, etc.
9 (RLIN) 45878
650 #0 - SUBJECT ADDED ENTRY--TOPICAL TERM
Topical term or geographic name entry element Hospital pharmacies
Form subdivision Handbooks, manuals, etc.
650 #0 - SUBJECT ADDED ENTRY--TOPICAL TERM
Topical term or geographic name entry element Clinical pharmacology
Form subdivision Handbooks, manuals, etc.
9 (RLIN) 38991
700 1# - ADDED ENTRY--PERSONAL NAME
Personal name Ali, Mohammed.
9 (RLIN) 100829
920 ## - Programme
Programme PHA : 193844
Holdings
Withdrawn status Lost status Source of classification or shelving scheme Damaged status Not for loan Home library Current library Date acquired Cost, normal purchase price Total Checkouts Barcode Date last seen Copy number Cost, replacement price Koha item type Public note
    Dewey Decimal Classification     Taylor's Library-TU Taylor's Library-TU 05/03/2013 19.50   5000140596 12/12/2019 1 19.50 Main Collection SOPxx,31001,03,CL